| 000 | 00512nam a2200181Ia 4500 | ||
|---|---|---|---|
| 008 | 140626s9999 xx 000 0 und d | ||
| 100 | _aKurth, Jennifer. | ||
| 245 |
_aImpact of setting and instructional contex for adolescents with autism / _cJennifer Kurth ... [et al.]. |
||
| 260 | _cc2012. | ||
| 300 | _a46 : 1, page 36 | ||
| 440 | _aThe Journal of Special Education | ||
| 521 | _aSPED | ||
| 650 | _aAcademic. | ||
| 650 | _aAdolescence. | ||
| 650 | _aAutism. | ||
| 650 | _aInclusion. | ||
| 942 | _cSE | ||
| 999 |
_c120981 _d120981 |
||